| 000 | 01212nam a22003017a 4500 | ||
|---|---|---|---|
| 005 | 20240530110404.0 | ||
| 008 | 150128s2011 ua g b 000 0 ara d | ||
| 017 |
_a2010/22417 _bمصر . دار الكتب المصرية |
||
| 020 | _a9789774381952 | ||
| 040 | _aEG-CaGPL | ||
| 041 | 0 | _aara | |
| 082 | 0 | 4 |
_221 _a070.195\ _bهـ ص |
| 100 | 0 | _aهالة اسماعيل بغدادى | |
| 245 | 1 | 0 |
_aصناعة المعرفة وقيود الحرية : _bرؤية نقدية فى واقع الصحافة التليفزيونية العربية / _cهالة اسماعيل بغدادى |
| 260 |
_aالاسكندرية : _bالمكتب الجامعى الحديث ، _c2011 |
||
| 300 |
_a160 ص ؛ _c24 سم |
||
| 504 | _aببليوجرافية : ص 149 - 158 | ||
| 650 | 0 | 4 | _aالصحافة العربية |
| 650 | 0 | 4 | _aالصحافة الاذاعية |
| 650 | 0 | 4 | _aالتليفزيون |
| 650 | 0 | 4 | _aالبرامج الاخبارية |
| 650 | 0 | 4 | _aقناة النيل الاخبارية |
| 650 | 0 | 4 | _aقناة الجزيرة الاخبارية |
| 650 | 0 | 4 | _aوسائل الاعلام |
| 650 | 0 | 4 | _aالانباء العربية |
| 942 |
_2ddc _cBK |
||
| 999 |
_c60323 _d60323 |
||